| 000 | 01249cam a2200337 a 4500 | ||
|---|---|---|---|
| 999 |
_c7331 _d7331 |
||
| 001 | 16148712 | ||
| 003 | OSt | ||
| 005 | 20190207154016.0 | ||
| 008 | 100323s2009 xx 000 0 eng d | ||
| 010 | _a 2010291810 | ||
| 020 | _a9781589975576 | ||
| 020 | _a158997557X | ||
| 035 | _a(OCoLC)ocn318410482 | ||
| 040 |
_aBTCTA _cBTCTA _dCCP _dDLC |
||
| 042 | _alccopycat | ||
| 050 | 0 | 0 |
_aBV4011.6 _b.L663 2009 |
| 082 | 0 | 0 |
_a242.6 _222 _bL847P |
| 100 | 1 | _aLondon, H. B. | |
| 245 | 1 | 0 |
_aPause, recharge, refresh : _bdevotions to energize a pastor's day-to-day-ministry / _cH.B. London, Jr. |
| 246 | 3 | 0 | _aDevotions to energize a pastor's day-to-day ministry |
| 260 |
_aCarol Stream, Ill. : _bTyndale House Pub., _c2009. |
||
| 300 |
_axiii, 384 p. ; _c24 cm. |
||
| 500 | _a"A Focus on the Family book."--T.p. verso. | ||
| 505 | 0 | _aDevotions for every day -- Devotions for special days. | |
| 520 | _aContains 365 conversational devotions , including devotions for special days of the year. | ||
| 650 | 0 |
_aClergy _xReligious life _vMeditations. |
|
| 710 | 2 | _aFocus on the Family (Organization) | |
| 906 |
_a7 _bcbc _ccopycat _d2 _encip _f20 _gy-gencatlg |
||
| 942 |
_2ddc _cBK |
||